Digital fundamentals (Record no. 65228)
[ view plain ]
| 000 -LEADER | |
|---|---|
| fixed length control field | 00433nam a22001697a 4500 |
| 003 - CONTROL NUMBER IDENTIFIER | |
| control field | NUST - PNEC |
| 005 - DATE AND TIME OF LATEST TRANSACTION | |
| control field | 20170116180910.0 |
| 008 - FIXED-LENGTH DATA ELEMENTS--GENERAL INFORMATION | |
| fixed length control field | 150903b xxu||||| |||| 00| 0 eng d |
| 020 ## - INTERNATIONAL STANDARD BOOK NUMBER | |
| International Standard Book Number | 9788131734483 |
| 040 ## - CATALOGING SOURCE | |
| Transcribing agency | LIBRARY |
| 082 ## - DEWEY DECIMAL CLASSIFICATION NUMBER | |
| Classification number | 621.3815 FLO |
| 100 ## - MAIN ENTRY--PERSONAL NAME | |
| 9 (RLIN) | 6947 |
| Personal name | Floyd, Thomas L. |
| 245 ## - TITLE STATEMENT | |
| Title | Digital fundamentals |
| Statement of responsibility, etc. | Thomas L,Floyd |
| 250 ## - EDITION STATEMENT | |
| Edition statement | 10th ed. |
| 650 ## - SUBJECT ADDED ENTRY--TOPICAL TERM | |
| 9 (RLIN) | 6949 |
| Topical term or geographic name entry element | Digital electronics |
| General subdivision | EE, EL |
| 942 ## - ADDED ENTRY ELEMENTS (KOHA) | |
| Source of classification or shelving scheme | |
| Koha item type | Book |
| Withdrawn status | Lost status | Source of classification or shelving scheme | Damaged status | Not for loan | Permanent Location | Current Location | Shelving location | Date acquired | Total Checkouts | Full call number | Barcode | Date last seen | Date last checked out | Price effective from | Koha item type |
|---|---|---|---|---|---|---|---|---|---|---|---|---|---|---|---|
| Pakistan Navy Engineering College (PNEC) | Pakistan Navy Engineering College (PNEC) | 3 | 621.3815 FLO | PNECLIB-030515 | 08/25/2016 | 08/25/2016 | Book | ||||||||
| Pakistan Navy Engineering College (PNEC) | Pakistan Navy Engineering College (PNEC) | 4 | 621.3815 FLO | PNECLIB-030514 | 11/28/2016 | 11/28/2016 | Book | ||||||||
| Pakistan Navy Engineering College (PNEC) | Pakistan Navy Engineering College (PNEC) | 1 | 621.3815 FLO | PNECLIB-029671 | 08/25/2016 | 08/25/2016 | Book | ||||||||
| Pakistan Navy Engineering College (PNEC) | Pakistan Navy Engineering College (PNEC) | 1 | 621.3815 FLO | PNECLIB-029649 | 06/01/2016 | 01/14/2016 | Book | ||||||||
| Pakistan Navy Engineering College (PNEC) | Pakistan Navy Engineering College (PNEC) | 2 | 621.3815 FLO | PNECLIB-031358 | 07/27/2016 | 07/27/2016 | Book | ||||||||
| Pakistan Navy Engineering College (PNEC) | Pakistan Navy Engineering College (PNEC) | 3 | 621.3815 FLO | PNECLIB-031357 | 08/24/2016 | 08/24/2016 | Book |
